00481cam a22001572 4500001001100000005001700011008004100028020001200069040001500081050002400096110006600120245005600186260003100242300001100273650003900284000000734920151021151113.0080114s xx 000 0 eng d cKES 900 aKABUcKABU 0aHF1017b.S77 [2007]2 aStrathmore University.bDistance Learning Centre.@000015076910aBusiness statistics :b subject no. 7 revision kit. aNairobi :bS.U.P.,c[2007] a228 p. 0aCommercial statistics.@0000149884